000
00304nam a22001337a 4500
020
_a
978-93-5275-175-4
082
_a
823
_b
AGA/S
100
_a
AGARWAL DEEPA
245
_a
HINDU GODS AND GODDESSES
260
_a
GURGAON
_b
SCOLASTIC INDIA
_c
2017
300
_a
143
650
_a
SPIRITUAL
_z
INDIA
942
_c
BK
999
_c
4791
_d
4791